000 01184nam a2200325 a 4500
001 000021043
003 DO-SdBNP
005 20240520190011.0
007 ta
008 100830s1991 dr ac r 001 0bspa d
040 _aDO-SdBNP
_bspa
_cBNPHU
082 4 _222
_a291.092
_bB931b
100 1 _aBoni, Armando
_944017
245 1 3 _aEl padre Buggenoms /
_cArmando Boni ; selección Rafael Bello Peguero ; presentación Francisco José Arnáis.
260 _aSanto Domingo :
_bAmigo del Hogar,
_c1991.
300 _a110 p. ;
_c24 cm.
490 1 _aHombres de Iglesia
_v8
490 1 _aQuinto Centenario
504 _aIncluye referencias bibliográficas y notas al pie de las páginas.
590 _aInventariado, 2018 /VM
600 1 0 _aBuggenoms, Louis Nicolás, Joseph de,
_cPadre,
_d1816-1882
_944018
650 1 0 _aClero
_919068
650 1 4 _aIglesia católica
_zRepública Dominicana
_xHistoria
_9358
700 1 _aBello Peguero, Rafael,
_d1932-2022
_esel.
_92405
700 1 _aArnáis, Francisco José,
_epresentación
_944019
830 0 _aHombres de Iglesia
_n8
_944020
830 0 _aQuinto Centenario
_916591
910 _aValidado. Control de calidad. EMS
942 _2ddc
_cLBS1
999 _c20546
_d20546